<?xml version="1.0" encoding="UTF-8"?>
<record
    xmlns:xsi="http://www.w3.org/2001/XMLSchema-instance"
    xsi:schemaLocation="http://www.loc.gov/MARC21/slim http://www.loc.gov/standards/marcxml/schema/MARC21slim.xsd"
    xmlns="http://www.loc.gov/MARC21/slim">

  <leader>01094nam a22001817a 4500</leader>
  <controlfield tag="008">140529b        xxu||||| |||| 00| 0 eng d</controlfield>
  <datafield tag="020" ind1=" " ind2=" ">
    <subfield code="a">0314011870</subfield>
  </datafield>
  <datafield tag="050" ind1=" " ind2=" ">
    <subfield code="a">HM51.B765</subfield>
  </datafield>
  <datafield tag="100" ind1=" " ind2=" ">
    <subfield code="a">Boudreau, Frances A.</subfield>
  </datafield>
  <datafield tag="245" ind1=" " ind2=" ">
    <subfield code="a">Understanding social life: An introduction to sociology. /</subfield>
    <subfield code="c">Frances A. Boudreau.</subfield>
  </datafield>
  <datafield tag="260" ind1=" " ind2=" ">
    <subfield code="a">U.S.A:</subfield>
    <subfield code="b">West publishing company,</subfield>
    <subfield code="c">1993.</subfield>
  </datafield>
  <datafield tag="300" ind1=" " ind2=" ">
    <subfield code="a">xi, 353p.:</subfield>
    <subfield code="b">ill.;</subfield>
    <subfield code="c">25cm.</subfield>
  </datafield>
  <datafield tag="500" ind1=" " ind2=" ">
    <subfield code="a">Includes index, bibliography and glossary.</subfield>
  </datafield>
  <datafield tag="505" ind1=" " ind2=" ">
    <subfield code="a">Contents: The art and science of sociological analysis -- Doing sociology: theory and research -- Culture: what makes humans unique -- Social structure and social interaction -- Social institutions: patterns in transition -- Selves, others, and social interaction -- The processes of social deviance -- Social stratification: structures of inequality -- Status relations: barriers to equality -- Social change: macrosociology -- Modernity: bureaucratization, secularization, and metropolitanization -- Glossay -- Name index -- Subject index.</subfield>
  </datafield>
  <datafield tag="650" ind1=" " ind2=" ">
    <subfield code="a">Sociology.</subfield>
  </datafield>
  <datafield tag="700" ind1=" " ind2=" ">
    <subfield code="a">Newman, William M.</subfield>
  </datafield>
  <datafield tag="942" ind1=" " ind2=" ">
    <subfield code="2">lcc</subfield>
    <subfield code="c">BK</subfield>
  </datafield>
  <datafield tag="999" ind1=" " ind2=" ">
    <subfield code="c">2907</subfield>
    <subfield code="d">10407</subfield>
  </datafield>
  <datafield tag="952" ind1=" " ind2=" ">
    <subfield code="0">0</subfield>
    <subfield code="1">0</subfield>
    <subfield code="2">lcc</subfield>
    <subfield code="4">0</subfield>
    <subfield code="7">0</subfield>
    <subfield code="a">WIUC-1</subfield>
    <subfield code="b">WIUC-1</subfield>
    <subfield code="c">REF</subfield>
    <subfield code="d">2014-05-29</subfield>
    <subfield code="l">0</subfield>
    <subfield code="o">HM51.B765</subfield>
    <subfield code="p">7533/561/13</subfield>
    <subfield code="r">2014-05-29 00:00:00</subfield>
    <subfield code="t">1</subfield>
    <subfield code="w">2014-05-29</subfield>
    <subfield code="y">BK</subfield>
  </datafield>
</record>
